000 00406nam a22001217a 4500
999 _c3371
_d3371
005 20201130111536.0
008 201130b ||||| |||| 00| 0 eng d
020 _a0748725113
040 _cCML
245 _aEssessment Mathematics National Curriculum Practice Tests Key Stage 2.
_cMcArdle S.
260 _aWellington Street
_bStanley Thornes
_c1996
942 _2ddc
_cBK
_e1st Edition
_h510
_mMCA